Pugazhodu vaazhungal = Huge gloriously (Tamil)

Bibliographic Details
Main Author: Ragavan, P.
Format: Book
Published: India : Mathi Nilayam , 2012
Subjects:

MARC

LEADER 00000cam a2200000 7i4500
001 0000044219
005 20170117.0
008 141218
020 |a 8192450230 
020 |a 9788192450230 
090 0 0 |a 920.72   |b RAG 
100 1 |a Ragavan, P. 
245 1 0 |a Pugazhodu vaazhungal = Huge gloriously (Tamil)   |c P. Ragavan 
260 |a India :   |b Mathi Nilayam ,   |c 2012 
300 |a 184pg. :   |b ill. 
650 0 |a Biographies 
650 0 |a Famous people 
999 |a 0001327701   |b Book   |c Tamil Collection   |e Cawangan Taman Sri Lambak 
999 |a 0001327702   |b Book   |c Tamil Collection   |e Cawangan Muar 
999 |a 0001327704   |b Book   |c Tamil Collection   |e Cawangan Tmn. Ungku Tun Aminah 
999 |a 0001327705   |b Book   |c Tamil Collection   |e Cawangan Bandar Tenggara 
999 |a 0001327706   |b Book   |c Adult Collection   |e Cawangan Bukit Gambir 
999 |a 0001327707   |b Book   |c Tamil Collection   |e Cawangan Segamat 
999 |a 0001327708   |b Book   |c Tamil Collection   |e Cawangan Batu Pahat 
999 |a 0001327709   |b Book   |c Adult Collection   |e Cawangan Kota Tinggi 
999 |a 0001327710   |b Book   |c Adult Collection   |e Cawangan Bandar Penawar 
999 |a 0001327712   |b Book   |c Tamil Collection   |e Cawangan Pontian 
999 |a 0001327713   |b Book   |c Tamil Collection   |e Cawangan Mersing 
999 |a 0001335897   |b Book   |c Tamil Collection   |e Cawangan Urban Transformation Centre 
999 |a 0001335898   |b Book   |c Tamil Collection   |e Cawangan AEON Kulaijaya 
999 |a 0001335899   |b Book   |c Tamil Collection   |e Perbadanan Perpustakaan Awam Johor 
999 |a 0001335900   |b Book   |c Tamil Collection   |e Perbadanan Perpustakaan Awam Johor